00901nam a2200205 a 450000100100000000500170001000800410002704000250006808200150009310000420010824501130015026000620026330000290032559000260035470000420038071000710042271000720049395201130056599900170067800004115820201002034651.0130920s1987 sp r 000 0 spa d aDO-SdBNPbspacBNPHU axxxxbxxxx1 aCalderon Quijano, Jose Antonio91545513aEl americanismo en sevilla 1900-1980 /cJosé Antonio Calderón Quijano ; prólogo Antonio Muro Orejón. aSevilla :bEscuela de Estudios Hispano-Americanos,c1987. aCXXXII, 375 p. ;c24 cm. aInventariado, 2019/BT1 aMuro Orejón, Antonio,eprol.9640272 aEscuela de Estudios Hispano-Americanos (Sevilla, Andalusia)9677072 aConsejo Superior de Investigaciones Científicas (España)915178 001050718MOaGRbGRcHDd2013-09-20iLF1l0oxxxx xxxxp41158-10r2020-06-25w2020-06-25y1ZNo se presta c40648d40648